Propuesta de mejora del nivel organizacional de la Pequeña y Mediana Industria del sector panificador de la ciudad de Estelí
El trabajo tiene como principal objetivo determinar el nivel organizacional de las PYMES panificadoras, además de esto se propone el modelo que más les beneficie, siendo este el un modelo organizacional por asociación, el cual logra abarcar las necesidades de los panificadores, por lo tanto, sera...
| Main Authors: | , |
|---|---|
| Other Authors: | |
| Format: | Tesis Section = Libro |
| Language: | Undetermined Spanish |
| Published: |
Managua
UNI
2022
|
| Subjects: |
| LEADER | 01373nam a2200265Ia 4500 | ||
|---|---|---|---|
| 008 | 240830s9999 xx 000 0 und d | ||
| 040 | |a BIBLIOTECA-RUPAP/ Mon 658.022 C348 | ||
| 041 | |a spa | ||
| 082 | |a Mon 658.022 C348 | ||
| 100 | 1 | |a Castellón Cruz, Lisbeth Guadalupe | |
| 100 | 1 | |b Lanzas Robleto, María Elena | |
| 245 | 1 | 0 | |a Propuesta de mejora del nivel organizacional de la Pequeña y Mediana Industria del sector panificador de la ciudad de Estelí |
| 260 | |a Managua |b UNI |c 2022 | ||
| 300 | |a 102 p. :il. | ||
| 500 | |a Contiene: anexos y CD. | ||
| 502 | |a Tesis (Ingeniero de Sistemas) - UNI, 2022. | ||
| 520 | 3 | |a El trabajo tiene como principal objetivo determinar el nivel organizacional de las PYMES panificadoras, además de esto se propone el modelo que más les beneficie, siendo este el un modelo organizacional por asociación, el cual logra abarcar las necesidades de los panificadores, por lo tanto, será la guía al inicio de la organización del sector, este puede resultar clave para dar seguimientos a nuevas investigaciones que desarrollen a nivel organizacional de las panificadoras | |
| 650 | 7 | |a PEQUEÑAS Y MEDIANAS EMPRESAS | |
| 650 | 7 | |b ORGANIZACIÓN | |
| 650 | 7 | |c ANALISIS ORGANIZACIONAL | |
| 650 | 7 | |d ADMINISTRACION | |
| 700 | 1 | |a Tutor: |b Valdivia García, Claudia Tatiana | |
| 942 | |c BK |2 ddc | ||
| 991 | |a Tesis | ||
| 999 | |c 27592 | ||